00685cam a22002291 4500001001300000003000400013005001700017008004100034010001700075035002000092040001800112041001100130042001200141050002100153100001400174245013000188260002100318300003700339500003500376700002700411999001700438sa 64005535 DLC20260227112033.0890719s1962 ii c 000 0 sano  asa 64005535  a(OCoLC)20037019 aDLCcWaUdDLC0 asantel apremarc00aPL4780.9.V38bV40 aVēmana.10aVēmanapadya.bVemanapadyamulu in Sanskrit slokas.cBy S. N. Srirama Desikan. With a foreword by M. Ananthasayanam Ayyangar. a[Madras?]c1962. aii, 6, 40, 59 p.bports.c19 cm. aIncludes original Telugu text.2 aSrirama Desikan, S. N. c59165d59165